| 000 | 00868nam a2200217Ia 4500 | ||
|---|---|---|---|
| 003 | IN-BaIIA | ||
| 008 | 211028s9999 xx 000 0 eng d | ||
| 020 | _a83-85196-72-2 | ||
| 040 | _cIIA Library | ||
| 080 |
_a524.5(082.2) _bPHY |
||
| 111 |
_aConference Physics and Composition of Interstellar Matter _cPoland _d1990 June 4-9 _917550 |
||
| 245 | 0 |
_aPhysics and composition of interstellar matter _bproceedings of the conference held in Bachotek, Poland, 4-9 June 1990 _cedited by Jacek Krelowski and Jacek Papaj |
|
| 260 |
_aTorun _bNicolaus Copernicus University _c1990 |
||
| 300 | _a238p. | ||
| 650 | _aAstronomy and astrophysics thesaurus | ||
| 650 |
_aInterstellar dust _95398 |
||
| 650 |
_aInterstellar matter _91189 |
||
| 700 |
_aKrelowski, Jacek, ed. _917551 |
||
| 700 |
_aPapaj, Jacek., ed. _917552 |
||
| 942 | _cBK | ||
| 999 |
_c10327 _d10327 |
||